000 00770nab a2200229 u 4500
001 16054
003 HDC
007 cr bn ---aaaaa
008 210220c20100201xx dr|noo 0 a eng d
040 _aHDC
245 0 _aHalcos - International Conference on Halal Cosmetics & Toiletries
260 _a[No place] :
_b[publisher not identified],
_c2010
336 _atext
_2rdacontent
337 _acomputer
_2rdamedia
338 _aonline resource
_2rdacarrier
650 _aHalal Cosmetics
_9359
650 _aPersonal care
_96084
856 _zRequest full-text at [email protected]
942 _2lcc
942 _cNEWS
942 _kNWSO 005631
999 _c13370
_d13370